| 000 | 01506nam0a2200301 4500 | ||
|---|---|---|---|
| 001 | RU\NLR\bibl\861814 | ||
| 005 | 20260406115611.0 | ||
| 010 |
_a5-86656-179-4 _91000 |
||
| 021 |
_aRU _b2005-59172 _92897 |
||
| 035 | _a(NLR Aleph) 000850489 | ||
| 090 |
_a1476889 _c1476889 |
||
| 100 | _a20051027d2005 |||y0rusy50 ca | ||
| 101 | 0 | _arus | |
| 102 | _aRU | ||
| 105 | _aach ||||||||| | ||
| 200 | 1 |
_aНеповторимые черты таланта _eБорис Васильевич Курчатов: документы, воспоминания, избранные научные труды _fРос. науч. центр "Курчатовский ин-т" _gавт.-сост. и ред. Р.В. Кузнецова |
|
| 210 |
_aМосква _cИздАТ _d2005 |
||
| 215 |
_a749 с., [5] л. ил., цв. ил., портр. _cил., факс., портр. _d24 |
||
| 320 | _aУказ. опубл. тр. Б.В. Курчатова: с. 728-740 | ||
| 600 | 1 |
_aКурчатов _bБ.В. _f1905 - 1972 _gБорис Васильевич _92398136 _3RU\NLR\auth\661429696 |
|
| 686 | _aГ13г(2)Курчатов | ||
| 702 | 1 |
_4220 _8rus _7ca _aКузнецова _bР. В. _cд-р истор. наук _gРаиса Васильевна _3RU\NLR\auth\7734154 _917160 |
|
| 712 | 0 | 2 |
_4570 _a"Курчатовский институт", российский научный центр _3RU\NLR\AUTH\8811853 _9296377 |
| 801 | 0 |
_aRU _bNLR _c20051027 _grcr |
|
| 801 | 1 |
_aRU _bNLR _c20051027 |
|
| 942 | _cBOOK | ||
| 980 | _aNB | ||